7-to-1 How I Met Your Mother Quiz Stats

 Plays Quiz not verified by Sporcle

Score 0/28 Timer 03:00
1 Play Today
% Correct
Victoria
95.5%
Stella Zinman
95%
Zoey Pierson
94.6%
Natalie
93.6%
Karen
93.1%
Legen-wait-for-it-DARY
91.7%
Moustache Marshall
90.3%
Lesbian Robin
90%
Tracy McConnell
89.7%
Mexican Wrestler Ted
89.5%
Stripper Lily
89.3%
Jason Segel
89.3%
Have You Met Ted?
89.3%
Alyson Hannigan
89.1%
% Correct
You Son Of A B***H
88.6%
Stacey Gusar
88%
Let's Go To The Mall
87.7%
The Slutty Pumpkin Returns
87.5%
Josh Radnor
87.3%
Cobie Smulders
87.1%
Neil Patrick Harris
86.9%
Suit Up!
85.2%
Where's the poop, Robin?
85.1%
The Naked Truth
83.3%
The Pre-Nup
79.9%
Intervention
72%
Robin 101
69.7%
Purple Giraffe
69.4%

You're not logged in!

Compare scores with friends on all Sporcle quizzes.
OR
Log In

Show Comments

Extras

Top Quizzes Today


Score Distribution

Your Account Isn't Verified!

In order to create a playlist on Sporcle, you need to verify the email address you used during registration. Go to your Sporcle Settings to finish the process.

Report this User

Report this user for behavior that violates our Community Guidelines.

Details: